LEADER 01066nas 2200397 c 450 001 996212733703316 005 20190205200517.0 024 7 $aurn:nbn:de:kobv:517-vlib-8294 035 $a(CKB)111077820650142 035 $a(DE-599)ZDB2046682-1 035 $a(OCoLC)645456642 035 $a(DE-101)021785163 035 $a(EXLCZ)99111077820650142 100 $a20010502a19929999 |y | 101 0 $ager 135 $aur||||||||||| 181 $ctxt$2rdacontent 182 $cc$2rdamedia 183 $acr$2rdacarrier 200 10$aAmtliche Bekanntmachungen / Universita?t Potsdam 210 31$aPotsdam$d1992- 215 $aOnline-Ressource 300 $aGesehen am 05.02.2019 311 $a0943-0091 517 $aAmtliche Bekanntmachungen 608 $aZeitschrift$2gnd-content 608 $aAmtliche Publikation$2gnd-content 676 $a370 676 $a340 801 0$b0355 801 1$bDE-101 801 2$b8007 906 $aJOURNAL 912 $a996212733703316 996 $aAmtliche Bekanntmachungen$91926563 997 $aUNISA